| 000 | 00708nam a22001337a 4500 | ||
|---|---|---|---|
| 040 | _cRUA | ||
| 082 | _aAVM CHR 2018 B658 Or.1 | ||
| 100 | _aCHREA CHEABMENG ជ្រា ជាបម៉េង | ||
| 245 | _agastrointestinal parasites in cattle at prek kork commue, steng trorng district,kampong cham province បរាសិតក្នុងក្រពះពោះវៀនគោ នៅឃុំព្រែកកក់ ស្រុកស្ទឹងត្រង់ ខេត្តកំពង់ចាម | ||
| 260 |
_aRUA _bPHNOM PENH _c2018 |
||
| 300 |
_aVIII;32P _bill; _c29cm |
||
| 856 | _uhttps://drive.google.com/file/d/15YgQqzpSJeIkworaqAdpkh0_dk7q8u9c/view?usp=sharing | ||
| 942 | _cAVM | ||
| 999 |
_c18877 _d18877 |
||